000 01154nam0a22003251 4500
001 RU\INGAK2\INFOCOMM_322\NLR\5000175453
005 20250625202942.0
035 _a(NLR Aleph) 011041936
090 _a11157438
_c11157438
100 _a20130213d1979 |||y0rusy50 ca
101 0 _afre
102 _aRU
105 _ay z||||
200 1 _aInstruction
_f[Zoïa Malkova]
210 _aM.
_cÉd. de l'Agence de presse "Novosti"
_d1979
215 _a44 с., 20 л. ил., цв. ил., портр.
_cил., цв. ил., портр.
_d19 см
225 1 _aL'U.R.S.S. aujourd'hui et demain
300 _aАвт. указан на 2-й с.
300 _aВ вып. дан.: Образование / Зоя Алексеевна Малькова
517 1 _aОбразование
_zrus
606 0 _aНародное образование
_yСССР
_2nlr_sh1
620 _aМосква
686 _aЧ34(2),0
_2rubbk
700 1 _9z01790
_aMal'kova
_bZ. A.
_f1921-
_gZoja Alekseevna
790 1 _9z01700
_aMalkova
_bZ.
_gZoïa
_4070
801 1 _aRU
_bInfoComm
_c20130213
801 0 _aRU
_bNLR
_gPSBO
852 _aNLR
_jПр11 Д-4/60
942 _cBOOK
980 _aNB